000 00844nam a2200193Ia 4500
003 Ost
005 20260507075024.0
008 260507s9999||||xx |||||||||||||| ||und||
040 _cfsecg
041 _aara
082 _a330
100 _aأبو قحف، عبد السلام
_eمؤلف
245 0 _aكيف تسيطر على الأسواق ؟ تعلم من التجربة اليابانية /
_c عبد السلام أبو قحف
260 _aالإسكندرية:
_bالدار الجامعية,
_c2003
300 _a370 صفحة؛
_bإيضاحات ؛
_c24 سم
520 _aالتنافسية ومقوماتها؛ إدارة في اليابان- الدعائم الأساسية ومقومات النجاح- الملامح والمحاور- الإنتاجية وأسباب النجاح
653 _aالمنافسة
942 _cكتاب
999 _c42317
_d42317